| 000 | 01005nam a2200241Ia 4500 | ||
|---|---|---|---|
| 001 | 21613 | ||
| 005 | 20260422155817.0 | ||
| 008 | 260320s9999||||xx |||||||||||||| ||und|| | ||
| 020 | _a9580484821 | ||
| 041 | _aESP | ||
| 082 |
_a658.8 _bK468P |
||
| 100 |
_aKotler, Philip, _eAUT |
||
| 245 | 0 | _aLas preguntas más frecuentes sobre marketing | |
| 250 | _aPrimera edición | ||
| 260 |
_aBogotá : _bNorma, _c2005 |
||
| 300 |
_axii, 228 páginas : _c23 cm. |
||
| 650 | _aTCA | ||
| 653 | _aAdministración; Mercadeo; Mercadeo - Preguntas y respuestas; Planificación del mercadeo | ||
| 654 | _aCAN | ||
| 856 |
_uhttps://0u213xits-y-https-ebooks7--24-com.itmsp.museknowledge.com/visorBook.aspx?i=16954&t=6FD85C47-1F1C-4E7B-944A-A54F68AA76CC _zVéase además: Fundamentos de marketing, por Philip Kotler y Gary Armstrong. Versión digital |
||
| 856 |
_uhttps://itmsp.museknowledge.com/UCSP?groupID=2&action=source&sourceID=eBooks724 _zVéase además: Base de datos Ebook7-24 |
||
| 942 |
_cLIB _dJUS _fTRC _2ddc |
||
| 999 |
_c21613 _d21613 |
||